Ḥasan kī ṣūrat-i ḥāl : (Record no. 329595)
[ view plain ]
| 000 -LEADER | |
|---|---|
| fixed length control field | 01803cam a22003857i 4500 |
| 001 - CONTROL NUMBER | |
| control field | 18155655 |
| 003 - CONTROL NUMBER IDENTIFIER | |
| control field | NUST |
| 005 - DATE AND TIME OF LATEST TRANSACTION | |
| control field | 20170613114137.0 |
| 008 - FIXED-LENGTH DATA ELEMENTS--GENERAL INFORMATION | |
| fixed length control field | 140518s2014 pk 000 1 urd |
| 010 ## - LIBRARY OF CONGRESS CONTROL NUMBER | |
| LC control number | 2014311429 |
| 020 ## - INTERNATIONAL STANDARD BOOK NUMBER | |
| International Standard Book Number | 9789695931073 |
| 025 ## - OVERSEAS ACQUISITION NUMBER | |
| Overseas acquisition number | P-U-2014311429; 10 |
| 037 ## - SOURCE OF ACQUISITION | |
| Source of stock number/acquisition | Library of Congress -- Islamabad Overseas Office |
| Terms of availability | Rs 900 |
| 040 ## - CATALOGING SOURCE | |
| Original cataloging agency | DLC |
| Language of cataloging | eng |
| Transcribing agency | DLC |
| Description conventions | rda |
| 042 ## - AUTHENTICATION CODE | |
| Authentication code | lcode |
| 050 00 - LIBRARY OF CONGRESS CALL NUMBER | |
| Classification number | MLCSA 2014/00158 (P) |
| 066 ## - CHARACTER SETS PRESENT | |
| Alternate G0 or G1 character set | (3 |
| -- | (4 |
| 082 ## - DEWEY DECIMAL CLASSIFICATION NUMBER | |
| Classification number | 891.4393 |
| Author Mark | BAI |
| 100 1# - MAIN ENTRY--PERSONAL NAME | |
| Linkage | 880-01 |
| Personal name | Baig, Mirza Athar, |
| Relator term | author. |
| 9 (RLIN) | 752 |
| 245 10 - TITLE STATEMENT | |
| Linkage | 880-02 |
| Title | Ḥasan kī ṣūrat-i ḥāl : |
| Remainder of title | k̲h̲ālī ... jaghen̲ ... pur ... karo = Hassan ki soort-e-hal : khali ... jaghein ... pur ... karo / |
| Statement of responsibility, etc. | Mirzā At̤har Beg. |
| 246 1# - VARYING FORM OF TITLE | |
| Display text | Title on title page verso : |
| Title proper/short title | Hassan ki soort-e-hal : |
| Remainder of title | khali ... jaghein ... pur ... karo |
| 250 ## - EDITION STATEMENT | |
| Linkage | 880-03 |
| Edition statement | Ishāʻat-i avval. |
| 264 #1 - PRODUCTION, PUBLICATION, DISTRIBUTION, MANUFACTURE, AND COPYRIGHT NOTICE | |
| Linkage | 880-04 |
| Place of production, publication, distribution, manufacture | Lāhore : |
| Name of producer, publisher, distributor, manufacturer | Sānjh, |
| Date of production, publication, distribution, manufacture, or copyright notice | 2014. |
| 300 ## - PHYSICAL DESCRIPTION | |
| Extent | 600 pages ; |
| Dimensions | 22 cm |
| 336 ## - CONTENT TYPE | |
| Content type term | text |
| Source | rdacontent |
| 337 ## - MEDIA TYPE | |
| Media type term | unmediated |
| Source | rdamedia |
| 338 ## - CARRIER TYPE | |
| Carrier type term | volume |
| Source | rdacarrier |
| 500 ## - GENERAL NOTE | |
| General note | Novel. |
| 546 ## - LANGUAGE NOTE | |
| Language note | In Urdu. |
| 880 1# - ALTERNATE GRAPHIC REPRESENTATION | |
| Linkage | 100-01/(3/r |
| Title | بيگ، مرزا اطهر، |
| 880 10 - ALTERNATE GRAPHIC REPRESENTATION | |
| Linkage | 245-02/(3/r |
| Title | حسن کى صورت حال : |
| b | خالى ... جگھيں ... پر ... کرو |
| c | مرزا اطهر بيگ. |
| 880 ## - ALTERNATE GRAPHIC REPRESENTATION | |
| Linkage | 250-03/(3/r |
| Title | اشاعت اوّل. |
| 880 #1 - ALTERNATE GRAPHIC REPRESENTATION | |
| Linkage | 260-04/(3/r |
| Title | لاهور : |
| b | سانجھ، |
| c | 2014. |
| 906 ## - LOCAL DATA ELEMENT F, LDF (RLIN) | |
| a | 7 |
| b | cbc |
| c | origode |
| d | 4 |
| e | ncip |
| f | 20 |
| g | y-nonroman |
| 942 ## - ADDED ENTRY ELEMENTS (KOHA) | |
| Source of classification or shelving scheme | |
| Koha item type | Book |
| Withdrawn status | Lost status | Source of classification or shelving scheme | Damaged status | Not for loan | Permanent Location | Current Location | Shelving location | Date acquired | Total Checkouts | Total Renewals | Full call number | Barcode | Date last seen | Date last checked out | Copy number | Price effective from | Koha item type |
|---|---|---|---|---|---|---|---|---|---|---|---|---|---|---|---|---|---|
| Central Library (CL) | Central Library (CL) | Fiction | 05/15/2017 | 3 | 1 | 891.4393 BAI | CL324 | 02/07/2026 | 01/02/2026 | 1 | 05/15/2017 | Book |
